1026 1654 1379 1990 1936 1441 1751 1019 1183 1987 1237 1846 1828 1297 1709 1158 1053 1030 1679 1900 1703 1230 1478 1871 1901 1336 1426 1109 1034 1133 1430 1478 1102 1916 1529 1395 1154 1684 1875 1294 1412 1913 1812 1092 1428 1590 1517 1340 1578 1401 1070 1337 1422 1858 1576 1071 1783 1826 1005 1441 1145 1291 1099 1282 1888 1784 1481 1183 1142 1199 1193 1706 1254 1570 1450 1693 1041 1257 1615 1819 1223 1460 1724 1607 1684 1584 1077 1853 1821 1591 1433 1866 1267 1616 1663 1385 1038 1591 1489 BCNSPRNW ULIB Ver.6.0+V

เปลี่ยนเป็นภาษาไทย

Change to English
 แสดงรายละเอียดบรรณานุกรม
  กลับหน้าหลัก

Brief Record : Get Marc (ISO 2709) : E-mail record : QR code < ปิดหน้าต่าง
LEADER : 00000nam 2200000uu 4500
001    13399121439
003     ULIB
008    111207s2549||||th 000 0 tha d
020    ^a9789749454978
020    9749454979
090    ^aนว.^bช543ว
100 0  ^aเนตรนภัส
245 00 ^aดวงตะวันแห่งรัก/^cเนตรนภัส
250    ^aพิมพ์ครั้งที่ 1
260    ^aกรุงเทพฯ :^bปริ๊นเซส,^c2549
300    ^a344 หน้า
710 1  ^aปริ๊นเซส
945    ^p190^l0^i24586
995    ^aทศพร
999 ^a ทศพร
รายการนี้ยังไม่มีแท็ก
คุณยังไม่ได้ล็อกอิน คุณสามารถมีกิจกรรมร่วมกับเว็บไซต์ได้ แต่ต้องล็อกอินก่อน ::
  ล็อกอิน

รายการสื่อสารสนเทศ

ลำดับที่ ประเภท เลขเรียก/บาร์โค้ด สถานที่ สถานะ
1. นวนิยาย
นวนิยาย
นว. ช543ว ฉ.1 
  Barcode: 24586
ห้องสมุดวิทยาเขตสวรรค์ประชารักษ์
►นวนิยาย
บนชั้น
  ขอยืม

BibComment


ยังไม่เคยถูกคอมเมนท์

คอมเมนท์ทรัพยากรรายการนี้
  คอมเมนท์: ดวงตะวันแห่งรัก ..


 Copyright 2026. Bcnsprnw @Library